00257nam a2200097Ia 4500008004100000041001200041100001200053245008100065260000600146650000700152221030s9999 xx 000 0 und d aEnglish aJ. Negi 0aGrading & Classification of Hotels Tourism Resorts & Restaurantscby J. Negi c0 aMb